| 000 | 00654nam a22001817a 4500 | ||
|---|---|---|---|
| 020 | _qHard Cover. | ||
| 082 | _a352 | ||
| 100 | _aDurrani, Aleen | ||
| 245 |
_aThe Sehat Sahulat Health Program: _bA Preliminary Appraisal / _cAleen Durrani, Aruba Khalid, Ayesha Moeen, Hannan Hussain and Mahnoor Fahim. |
||
| 260 |
_aIslamabad: _bS3H - NUST, _c2019. |
||
| 300 |
_a344 p. : _bill. ; _c30cm. |
||
| 563 | _aHB | ||
| 650 |
_aPublic Advertisment BS-Project Report. _927882 |
||
| 700 |
_aDr. Rifaat Hussain _927883 |
||
| 856 | _uhttp://10.250.8.41:8080/xmlui/handle/123456789/3860 | ||
| 942 |
_2ddc _cPR |
||
| 999 |
_c533861 _d533861 |
||